[Event "SF Neuenkirchen 1 - SK Königsspringer I"]
[Site "NRW-Klasse, Gruppe 2 2014/201"]
[Date "2015.04.26"]
[Round "9.8"]
[White "Scho, Christian"]
[Black "von Bargen, Lukas"]
[Result "0-1"]
[WhiteElo "2084"]
[BlackElo "1912"]
[PlyCount "70"]
[EventDate "2015.??.??"]
[WhiteTeam "SF Neuenkirchen 1"]
[BlackTeam "SK Königsspringer Iserlohn 1"]

1. Nf3 c5 2. g3 g6 3. Bg2 Bg7 4. O-O Nf6 5. c4 O-O 6. Nc3 Nc6 7. d4 d6 8. d5
Na5 9. Nd2 a6 10. e4 Rb8 11. Qe2 Bd7 12. a4 e6 13. h3 Re8 14. Qf3 Qc7 15. g4
exd5 16. exd5 b5 17. axb5 axb5 18. g5 Nh5 19. Nxb5 Bxb5 20. cxb5 Rxb5 21. Ne4
Nb3 22. Ra6 Nxc1 23. Rxc1 Be5 24. b3 Reb8 25. Nf6+ Nxf6 26. gxf6 Rxb3 27. Qg4
Bxf6 28. Re1 Be5 29. f4 R3b4 30. Rc6 Qb7 31. Be4 Bd4+ 32. Kh1 Rb2 33. Rxd6 Qb4
34. Re2 Rxe2 35. Qxe2 Qc3 0-1

[Event "Gütersloher SV 1 - SF Katernberg 2"]
[Site "NRW-Klasse, Gruppe 2 2014/201"]
[Date "2015.04.26"]
[Round "9.1"]
[White "Rosen, Bernd"]
[Black "Grochtmann, Stephan"]
[Result "1-0"]
[WhiteElo "2268"]
[BlackElo "2081"]
[PlyCount "99"]
[EventDate "2015.??.??"]
[WhiteTeam "SF Katernberg 2"]
[BlackTeam "Gütersloher SV 1"]

1. c4 e5 2. g3 d5 3. cxd5 c6 4. d4 exd4 5. Qxd4 cxd5 6. Bg2 Nc6 7. Qa4 Nf6 8.
Nf3 Bc5 9. O-O Bf5 10. Qb5 Qe7 11. Nc3 a6 12. Qb3 Nb4 13. Qd1 Rd8 14. a3 Bc2
15. Qe1 Nc6 16. b4 Bb6 17. Bg5 d4 18. Rc1 Bb3 19. Bxf6 gxf6 20. Nd2 Be6 21. Na4
Ba7 22. Nc5 Bd5 23. Nf3 Ne5 24. Qd2 O-O 25. Nh4 Ng6 26. Nf5 Qe5 27. Bh3 Be6 28.
Nh6+ Kg7 29. Nd3 Qg5 30. Qxg5 fxg5 31. Bxe6 fxe6 32. Ng4 Bb8 33. f3 h5 34. Ngf2
h4 35. Kg2 hxg3 36. hxg3 Ne7 37. Nc5 Kf7 38. Nfe4 Nf5 39. Nxg5+ Kg6 40. Ngxe6
Rh8 41. Rh1 Rxh1 42. Rxh1 Re8 43. g4 Ne3+ 44. Kf2 b6 45. Nxa6 Be5 46. Nac7 Re7
47. Rc1 b5 48. Rc6 Nd1+ 49. Ke1 Nc3 50. Nxd4+ 1-0

[Event "Gütersloher SV 1 - SF Katernberg 2"]
[Site "NRW-Klasse, Gruppe 2 2014/201"]
[Date "2015.04.26"]
[Round "9.2"]
[White "Ebert, Manuel"]
[Black "Bee, Marcus"]
[Result "1/2-1/2"]
[WhiteElo "2138"]
[BlackElo "2215"]
[PlyCount "76"]
[EventDate "2015.??.??"]
[WhiteTeam "Gütersloher SV 1"]
[BlackTeam "SF Katernberg 2"]

1. e4 e6 2. b3 b6 3. Bb2 Bb7 4. Nc3 c5 5. Nf3 Nc6 6. Be2 Nd4 7. Nxd4 cxd4 8.
Nb5 Bxe4 9. Bf3 Bc6 10. Nxd4 Bxf3 11. Qxf3 a6 12. Qg3 Qb8 13. f4 Ne7 14. O-O-O
Qc7 15. Qf3 Rc8 16. Kb1 Nc6 17. Nxc6 Qxc6 18. Qd3 b5 19. g4 f6 20. g5 f5 21. h4
Qe4 22. Qxe4 fxe4 23. Rhe1 d5 24. d3 exd3 25. Rxd3 Kf7 26. f5 exf5 27. Rxd5 Bb4
28. Rd7+ Kg6 29. Re6+ Kh5 30. Bxg7 Rhe8 31. Rh6+ Kg4 32. Rd4+ Re4 33. Rxh7 Rxd4
34. Bxd4 Rg8 35. c3 Bd6 36. Rh6 Bg3 37. g6 Bf4 38. Rh8 Rxg6 1/2-1/2

[Event "Gütersloher SV 1 - SF Katernberg 2"]
[Site "NRW-Klasse, Gruppe 2 2014/201"]
[Date "2015.04.26"]
[Round "9.3"]
[White "Valkyser, Martin"]
[Black "Plaßmann, Dominik"]
[Result "1/2-1/2"]
[WhiteElo "2184"]
[BlackElo "2029"]
[PlyCount "36"]
[EventDate "2015.??.??"]
[WhiteTeam "SF Katernberg 2"]
[BlackTeam "Gütersloher SV 1"]

1. d4 e6 2. c4 f5 3. g3 Nf6 4. Bg2 c6 5. Nf3 d5 6. O-O Bd6 7. b3 Qe7 8. a4 a5
9. Ba3 Bxa3 10. Nxa3 O-O 11. e3 Bd7 12. Qd3 Be8 13. cxd5 cxd5 14. Rfc1 Nc6 15.
Ne5 Ne4 16. Nxc6 Bxc6 17. Nb5 Rfc8 18. Nc3 Qb4 1/2-1/2

[Event "Gütersloher SV 1 - SF Katernberg 2"]
[Site "NRW-Klasse, Gruppe 2 2014/201"]
[Date "2015.04.26"]
[Round "9.4"]
[White "Hanhoerster, Stephan"]
[Black "Wessendorf, Thomas"]
[Result "1/2-1/2"]
[WhiteElo "2082"]
[BlackElo "2198"]
[PlyCount "114"]
[EventDate "2015.??.??"]
[WhiteTeam "Gütersloher SV 1"]
[BlackTeam "SF Katernberg 2"]

1. e4 c5 2. d4 cxd4 3. c3 dxc3 4. Nxc3 Nc6 5. Nf3 d6 6. Bc4 e6 7. O-O Nge7 8.
Qe2 Ng6 9. Ng5 Be7 10. Qh5 Qa5 11. Bb5 Bxg5 12. Qxg5 O-O 13. Qg3 Nd4 14. Ba4
Qxa4 15. Nxa4 Ne2+ 16. Kh1 Nxg3+ 17. hxg3 b5 18. Nc3 b4 19. Na4 Bb7 20. Bd2 Bc6
21. b3 Rab8 22. f3 Rfc8 23. Rfd1 d5 24. exd5 Bxd5 25. Rac1 a5 26. Be3 Ne7 27.
Bf4 Rb7 28. Rxc8+ Nxc8 29. Rc1 Ne7 30. Bc7 Rb5 31. Nb6 f6 32. Bd8 Nf5 33. g4
Ng3+ 34. Kh2 Ne2 35. Rc8 Kf7 36. Nc4 Bxc4 37. bxc4 Rg5 38. Ra8 Rc5 39. Bxa5
Rxc4 40. Rb8 Rc2 41. Bxb4 Nf4 42. Rb7+ Kg6 43. Bf8 Rxg2+ 44. Kh1 Kg5 45. Rxg7+
Kh4 46. Bd6 e5 47. g5 Rd2 48. Bc7 fxg5 49. Bxe5 h5 50. a4 Ne6 51. Rg6 Nc5 52.
Bf6 Ne6 53. Be5 Kh3 54. Kg1 Rg2+ 55. Kf1 Nc5 56. Bf6 Nxa4 57. Rxg5 Rxg5 1/2-1/2

[Event "Gütersloher SV 1 - SF Katernberg 2"]
[Site "NRW-Klasse, Gruppe 2 2014/201"]
[Date "2015.04.26"]
[Round "9.5"]
[White "Gassmann, Volker"]
[Black "Janyska, Dennis"]
[Result "1-0"]
[WhiteElo "2131"]
[BlackElo "1998"]
[PlyCount "45"]
[EventDate "2015.??.??"]
[WhiteTeam "SF Katernberg 2"]
[BlackTeam "Gütersloher SV 1"]

1. c4 e6 2. g3 Nf6 3. Bg2 d5 4. Nf3 Nbd7 5. O-O Bd6 6. d4 c6 7. Nbd2 Qe7 8. Re1
b6 9. e4 Nxe4 10. Nxe4 dxe4 11. Rxe4 Bb7 12. Rg4 Nf6 13. Rxg7 Qf8 14. Rg5 h6
15. Re5 Bxe5 16. Nxe5 Nd7 17. Nxc6 Bxc6 18. Bxc6 Rc8 19. Bxd7+ Kxd7 20. Qa4+
Kc7 21. Qxa7+ Kc6 22. Bf4 Qd8 23. b4 1-0

[Event "Gütersloher SV 1 - SF Katernberg 2"]
[Site "NRW-Klasse, Gruppe 2 2014/201"]
[Date "2015.04.26"]
[Round "9.6"]
[White "Scharnowski, Tobias"]
[Black "Villwock, Martin"]
[Result "0-1"]
[WhiteElo "2005"]
[BlackElo "2151"]
[PlyCount "48"]
[EventDate "2015.??.??"]
[WhiteTeam "Gütersloher SV 1"]
[BlackTeam "SF Katernberg 2"]

1. e4 c5 2. Nf3 Nc6 3. d4 cxd4 4. Nxd4 e5 5. Nb5 d6 6. N1c3 a6 7. Na3 Be7 8.
Nd5 Nf6 9. Nxf6+ gxf6 10. Nc4 f5 11. Be3 fxe4 12. Bb6 Qd7 13. Ne3 Bd8 14. Nd5
O-O 15. Bc4 Kh8 16. Qd2 f5 17. O-O-O Rb8 18. Qh6 Rf7 19. Nc7 Rf6 20. Qh5 Bxc7
21. Bxc7 Qxc7 22. Qe8+ Kg7 23. Qg8+ Kh6 24. f4 Qg7 0-1

[Event "Gütersloher SV 1 - SF Katernberg 2"]
[Site "NRW-Klasse, Gruppe 2 2014/201"]
[Date "2015.04.26"]
[Round "9.7"]
[White "Kaeding, Rainer"]
[Black "Krueger, Tim"]
[Result "1/2-1/2"]
[WhiteElo "2129"]
[BlackElo "2036"]
[Annotator "Hausrath,Daniel"]
[PlyCount "126"]
[EventDate "2015.??.??"]
[WhiteTeam "SF Katernberg 2"]
[BlackTeam "Gütersloher SV 1"]

1. d4 Nf6 2. c4 e5 3. dxe5 Ng4 4. Bf4 Nc6 5. Nf3 Bb4+ 6. Nbd2 Qe7 7. e3 Ngxe5
8. Nxe5 Nxe5 9. Be2 b6 10. O-O Bxd2 11. Qxd2 Bb7 12. Qc3 d6 13. b4 a5 14. a3 f6
15. c5 axb4 16. axb4 dxc5 17. bxc5 Qxc5 18. Qxc5 bxc5 19. Rxa8+ Bxa8 20. Bxe5
fxe5 21. Rc1 Ke7 22. Rxc5 Kd6 23. Rc2 c5 24. f3 Bd5 25. e4 Bb3 26. Rc3 Rb8 27.
Kf2 Be6 28. Ke3 Rb3 29. Rxb3 Bxb3 30. Kd3 g5 31. Kc3 Be6 32. Bb5 $11 Kc7 33.
Be8 Kb6 34. g4 Bc8 35. Kc4 Be6+ 36. Kc3 Kc7 37. Ba4 Bd7 38. Bb3 Bb5 39. Bg8 h6
40. Kd2 Kb6 41. Bb3 Ka5 42. Kc3 Be2 43. Be6 Kb6 44. Bf5 Bxf3 45. Kc4 Kc6 46.
Kc3 Be2 47. Be6 Kd6 48. Bf5 Bb5 49. Kb3 Kc6 50. Kc3 Bf1 51. Bg6 Kb5 52. Be8+
Ka5 53. Bd7 Bb5 54. Be6 Bc6 55. Kc4 Kb6 56. Bf5 Bb5+ 57. Kc3 c4 58. Kb4 c3 59.
Kxc3 Kc5 60. Be6 Bf1 61. Bd7 Bg2 62. Bf5 Bh3 63. Bc8 Bf1 1/2-1/2

[Event "Gütersloher SV 1 - SF Katernberg 2"]
[Site "NRW-Klasse, Gruppe 2 2014/201"]
[Date "2015.04.26"]
[Round "9.8"]
[White "Lueckner, Andreas"]
[Black "Schmitz, Edgar"]
[Result "1/2-1/2"]
[WhiteElo "1846"]
[BlackElo "1897"]
[PlyCount "40"]
[EventDate "2015.??.??"]
[WhiteTeam "Gütersloher SV 1"]
[BlackTeam "SF Katernberg 2"]

1. e4 e5 2. Nf3 d6 3. d4 exd4 4. Nxd4 Nf6 5. Nc3 Be7 6. g3 d5 7. Bg2 dxe4 8.
O-O O-O 9. Nxe4 Nxe4 10. Bxe4 Bf6 11. Be3 c6 12. c3 Re8 13. Qc2 g6 14. Bg2 Nd7
15. Rad1 Qc7 16. Bf4 Ne5 17. Rde1 Bd7 18. Nf3 Nxf3+ 19. Bxf3 Qa5 20. a3 Bh3
1/2-1/2